01267nab a22002297a 4500999001500000003000400015005001700019008004100036040000700077100003600084245009800120260004200218300001200260500003700272505042200309505008900731650002600820650001800846700003500864773012500899942001301024 c6569d6569OSt20260224130438.0190506c xxu||||| |||| 00| 0 spa d cPJ 97144aFranco, Marisel Alejandra10aDespido : bcomunicación y requisitos /cMarisel Alejandra Franco, María Virginia Franco. aBuenos Aires :bAbeledoPerrot,c2024. ap. 8-20 aCita: TR LALEY AR/DOC/2434/2024. aSumario: I. Introducción.— II. Capítulo I: Despido. Concepto. Caracteres.— III. Capítulo II: Requisitos que se deben cumplimentar al notificar el despido.— IV. Capítulo III: El intercambio epistolar.— V. Capítulo IV: Deficiente redacción de la notificación del despido. Casuística. Jurisprudencia y Doctrina.— VI. Capítulo V: Consideraciones finales. Conclusión.— VII. Bibliografía.  t¿Te interesa el texto completo? Comunicate al correo: koha@justierradelfuego.gov.ar 091316aDERECHO LABORAL 091533aDESPIDO 97145aFranco, María Virginia0 0275193202dBuenos Aires : AbeledoPerrot, 2013-tRevista de derecho laboral y seguridad social. Nº 21 - Noviembre 2024 2udccANA